01229nam a2200265 a 450000100060000000300090000600500170001500800410003204000280007310000930010111000350019424500670022926000480029630000100034450000430035450502450039765000420064265000270068465000320071165000380074383000160078194200120079799900170080995201370082618300CO-ViMGA20260318200723.0141112s2004 ck r 000 u spa d aCO-ViMGAbspacCO-ViMGA1 aCentro de estudios económicos . Villavicencio ; Hernandez Leal, German Humberto926079 aBanco de la República94790010aImpacto de las regalias petroleras en el departamento del meta aBogotá, cBanco de la República, c2004 a77.p. aEn : ENSAYOS SOBRE Economía REGIONAL aPetróleo en Colombia - Historia Producción en los departamentos petroleros Regalías pagadas , distribución e impacto Regalías y crecimiento económico Impacto sobre la finanzas públicas territoriales El manejo de las regalías14aEconomía PETROLERA - ENSAYOS92608014aPETROLEO - META92608114aPRODUCCION PETROLERA92608214aREGALIAS PETROLERAS - META926083 aRNBP969122 2ddccBK c27642d27642 01102ddc44708005aMEVIECARbMEVIECARd2015-12-04hVolumen. 1 | 11/jun/2009l0p18300r2015-12-04 00:00:00tEj. 1w2015-12-04yBK